[Event "GER M08-C email"]
[Site "GER email"]
[Date "2019.06.19"]
[Round "?"]
[White "Krauss, Heiko"]
[Black "Filin, Evgeny Konstantinov"]
[Result "1/2-1/2"]
[WhiteElo "2396"]
[BlackElo "2410"]
[PlyCount "82"]
[EventDate "2019.??.??"]
[EventType "tourn (corr)"]
[EventRounds "10"]
[EventCountry "GER"]
[SourceTitle "Corr 2022"]
[Source "ChessBase"]
[SourceDate "2021.10.24"]
[SourceVersion "1"]
[SourceVersionDate "2021.10.24"]
[SourceQuality "1"]

1. e4 c6 2. d4 d5 3. e5 Bf5 4. Nf3 e6 5. Be2 h6 6. 0-0 Ne7 7. Nbd2 Nd7 8. c3 Qc7 9. a4 g5 10. b4 Bg7 11. Ba3 0-0 12. b5 c5 13. Rc1 b6 14. c4 Be4 15. Re1 Ng6 16. Bf1 Rfd8 17. g3 Rac8 18. Qe2 g4 19. Nh4 Nxh4 20. gxh4 cxd4 21. cxd5 Bc2 22. Bd6 Qc3 23. dxe6 fxe6 24. Ne4 Qb3 25. Qxg4 Kh8 26. Bg2 d3 27. Nd2 Qc3 28. Qf4 Nc5 29. Bc6 Rxd6 30. exd6 Rf8 31. Qe3 Qd4 32. d7 Qxe3 33. Rxe3 Bb2 34. Rce1 Bc3 35. Rxe6 Rg8+ 36. Kf1 Bxd2 37. Rd6 Nxd7 38. Rxd7 Bxe1 39. Kxe1 Bxa4 40. Rxa7 Rg4 41. Rb7 Rxh4 1/2-1/2